[Event "2.BLN 1617 SV Werder Bremen - Preetzer"]
[Site "?"]
[Date "2017.01.15"]
[Round "4"]
[White "Charmeteau, Sven"]
[Black "Schwarz, Frank"]
[Result "1/2-1/2"]
[WhiteElo "2324"]
[BlackElo "2226"]
[PlyCount "169"]
[EventDate "2017.??.??"]

1. e4 e6 2. d4 d5 3. Nc3 Bb4 4. e5 c5 5. a3 Bxc3+ 6. bxc3 Ne7 7. Qg4 O-O 8. Bd3
f5 9. exf6 Rxf6 10. Bg5 Rf7 11. Nf3 (11. Qh5 h6 (11... g6 12. Qd1) 12. Nf3 Nbc6
13. Bh7+) 11... Nbc6 12. Qh4 (12. Qh5) 12... h6 13. Bf4 $2 (13. Bxe7 Rxe7 14.
O-O $11) 13... c4 14. Be2 Qa5 (14... g5 15. Qxh6 (15. Qg3 $4 Nf5 16. Qg4 e5 17.
Nxe5 Qa5 $19) (15. Nxg5 $2 hxg5 16. Bxg5 Qa5 $19) 15... gxf4 16. Ng5 Rg7 17.
Nxe6 Bxe6 18. Qxe6+ Kf8 19. Qf6+ Rf7 20. Qh6+ Kg8 21. Bh5 Rh7 22. Qe6+ Kh8 23.
Qf6+ Rg7 24. Qh6+ Kg8 25. Bg4 Ng6 26. Be6+ Kf8 27. Qh5 Nge7 $15) 15. Bd2 Nf5
16. Qh5 Nd6 17. O-O $2 (17. g4 Ne4 18. g5 Rf5 19. Qg6 h5 (19... hxg5 20. h4)
20. Qe8+ Rf8 21. Qxh5 e5 22. dxe5 Rf5 23. Qe8+ $11) 17... Ne4 18. Be1 (18. Be3
Qxc3 $17) 18... Qa4 19. Ne5 Nxe5 20. Qxe5 Qxc2 21. Bg4 Qb2 22. Rd1 Rf6 (22...
Qxa3 23. Bxe6 Bxe6 24. Qxe6 Rd8 $19) 23. f3 Ng5 $2 (23... Nxc3 24. Bxc3 Qxc3
$19) 24. Qd6 (24. Qe3 Qxa3 25. Bh4 $11) 24... Kh7 25. Bd2 (25. Bh5 Nf7 26. Qc5
Qb6 27. Qe7 $11) 25... Nf7 26. Qe7 Qb6 27. Kh1 Qd6 28. Qxd6 Nxd6 29. Rfe1 Bd7
30. Re5 Nf7 31. Re2 Rc8 32. Rb1 Rc7 33. Be1 Bc8 34. a4 (34. Rb4 Rc6 35. Ra4 a6
36. Rb4 $11) 34... Rc6 35. a5 Ra6 36. Rb5 Nd8 37. Bh4 g5 38. Bg3 Kg6 $6 (38...
Nc6 $15) 39. h4 Nc6 40. h5+ Kh7 41. Rxd5 $2 (41. Kh2 Rxa5 42. Rxa5 Nxa5 43. Be5
Rf8 44. Bd6 Rg8 45. Bxe6 Bxe6 46. Rxe6 Nc6 47. f4 a5 48. f5 $11) 41... exd5 42.
Bxc8 Rf7 $2 (42... Rxa5 43. Bxb7 Kg7 $17) 43. Be6 Re7 44. Bd6 Rxe6 (44... Kg7
45. Bxe7 Nxe7 46. Re5 Rxa5 47. Kh2 Kf8 $15) 45. Rxe6 Rxa5 (45... Nxa5 46. Kh2
Nb3 (46... Nc6 47. Bc5 Ra1 48. Bf8 Rc1 $16) 47. Re7+ Kg8 48. Be5 $11) 46. Bf8
Ra1+ $2 (46... Rb5 47. Rxh6+ Kg8 48. Bc5 $11) 47. Kh2 a5 48. Bxh6 a4 (48... Nd8
49. Rb6 $1 Nf7 50. Bf8 a4 51. Rxb7 Kg8 52. Rb8 Kh7 53. Ra8 $18) 49. Bxg5 a3 50.
Re8 Kg7 51. h6+ Kh7 52. Rf8 (52. Rc8 Re1 53. Rc7+ Ne7 54. Bxe7 a2 55. Bg5+ Kg6
56. Rg7+ Kf5 57. g4+ Ke6 58. Re7+ Kd6 59. Rxe1 $18) 52... Re1 53. Ra8 $6 (53.
Rf7+ $1 Kg8 (53... Kh8 $4 54. Bf6+ Kg8 55. Rg7+ $3 (55. h7+ $4 Kxf7 56. h8=Q a2
57. Qg7+ Ke6 58. Bh4 a1=Q 59. Qg8+ $11) 55... Kf8 56. h7 $18) 54. h7+ (54. Rxb7
{[%cal Rh6h7,Rg5f6] ist der menschliche Zug, und es gewinnt auch.} Re6 55. Rc7
a2 56. Rc8+ Kh7 57. Ra8 Re2 58. Kg3 $18) 54... Kxf7 55. h8=Q a2 56. Qh5+ Kg8
57. Bh6 Re6 58. Qxd5 Kf7 59. Qf5+ Rf6 60. Qh7+ Ke6 61. Qg8+ Kd7 62. Qg7+ Ne7 (
62... Ke6 63. d5+ Kxd5 64. Qxf6 a1=Q 65. Bf8 $18) 63. Qxf6 a1=Q 64. Bg5 $18)
53... Kg6 54. f4 Ne7 55. Rxa3 $6 (55. g4 $1 Kh7 56. f5 Ng8 57. f6 Nxh6 58. Bxh6
Kg6 59. f7 Kxf7 60. Rxa3 $18) 55... Nf5 56. Ra5 Re2 $2 (56... Nxh6 57. Rxd5 Nf7
58. Kg3 Re3+ 59. Kg4 Rxc3 60. f5+ Kg7 61. Bf4 $18) 57. Rb5 (57. Rxd5 Rxg2+ 58.
Kxg2 Ne3+ 59. Kf3 Nxd5 60. f5+ Kf7 61. Be7 $3 $18 (61. Ke4 Nxc3+ 62. Ke5 $18))
57... Ne3 58. Rb6+ Kf5 59. h7 Ng4+ 60. Kh3 Re1 61. g3 $4 $15 (61. Rh6 $1 $18)
61... Rh1+ 62. Kg2 Rh2+ 63. Kg1 Rxh7 64. Bh4 Ke4 65. Rg6 Ne3 66. Kh2 (66. Kf2)
66... Kd3 67. Re6 Nf5 68. Re5 Rf7 (68... Nxh4 $19) 69. Bd8 Ne3 70. Kg1 b5 71.
g4 b4 72. cxb4 c3 73. Bg5 Rg7 74. Bh6 Rxg4+ (74... Rg6 $19) 75. Kf2 Rg2+ $4 $11
(75... Nd1+ 76. Kf3 Rg6 $19) 76. Kf3 Re2 77. f5 Nxf5 78. Rxf5 Re6 79. Bf4 Kxd4
80. Rf8 Kc4 81. Rb8 d4 82. b5 Kc5 83. b6 Rxb6 84. Rxb6 Kxb6 85. Ke4 1/2-1/2

[Event "2.BLN 1617 SV Werder Bremen - Preetzer"]
[Site "?"]
[Date "2017.01.15"]
[Round "4.2"]
[White "Meins, Gerlef"]
[Black "Pedersen, Steffen"]
[Result "1-0"]
[WhiteElo "2409"]
[BlackElo "2367"]
[Annotator "M.K."]
[PlyCount "71"]
[EventDate "2017.??.??"]

1. d4 Nf6 2. Nf3 g6 3. c4 Bg7 4. Nc3 O-O 5. e4 d6 6. Be2 e5 7. O-O Na6 8. Be3
Ng4 9. Bg5 Qe8 10. dxe5 dxe5 11. h3 Nf6 12. Be3 b6 13. a3 Bb7 14. Qc2 Nc5 (
14... Qe7 15. b4 c5 16. b5 Nc7 17. Nd5 Nfxd5 18. cxd5 Ne8 19. Nd2 Nd6 20. a4 f5
21. f3 f4 22. Bf2 g5 23. Nc4 h5 24. Nxd6 (24. a5 Nxc4 25. Bxc4 Qd6 26. axb6
axb6 27. Rxa8 Rxa8 28. Qb2 Kh7 (28... Bf6 29. Ra1 Bd8 30. Rxa8 Bxa8 31. Qa1 Bb7
32. Qa7 Bc8 33. Qa8) 29. Ra1 Qb8 30. Rxa8 Qxa8 31. d6) 24... Qxd6 25. a5 Rae8
26. axb6 axb6 27. Ra7 Re7 28. Bc4 Rf6 29. Rfa1 Rg6 30. Qd1 Bf8) 15. Bxc5 bxc5
16. Nd2 (16. Nd5 Qb8 17. Nd2 a5 18. Rfd1 Re8 (18... Rd8 19. Rac1 Nd7 20. Bg4
Nf8 21. h4 h5 22. Bh3 Qa7 23. Nf3 f6 24. Qa4 Rab8 25. Nd2 c6 26. Nc3 Bh6 27.
Rc2 Qb6 28. Nb3 Rxd1+ 29. Nxd1 Bc8 30. Bxc8 Rxc8 31. Nxa5 Qd8 32. Nc3 Ne6 33.
b4 Qd3 34. Nxc6 Rxc6 35. Qxc6 Nd4 36. Qe8+ Kh7 37. Nd5 Qd1+ 38. Kh2 Bf4+ 39.
Nxf4 exf4 40. Qf7+ Kh6 41. Qxf6 Kh7 42. Qe7+ Kg8 43. Qd8+ Kh7 44. Qc7+ Kg8 45.
Rb2 {1-0 Van Wely,L (2655)-Piket,J (2630)/Antwerp 1997/CBM 061}) 19. Nb1 Nd7
20. Bg4 Nf8 21. h4 h5 22. Bh3 Bc8 23. Bxc8 Qxc8 24. Nbc3 Ne6 25. Ne2 a4 26. Rd3
Qb7 27. Rb1 c6 28. Ndc3 Qa6 29. Na2 Reb8 30. b4 axb3 31. Rdxb3 Rd8 32. Nac1 Qa4
33. Nd3 Ra7 34. Nb2 Qa5 35. Rd1 Rda8 36. g3 Qc7 37. a4 Rb7 38. Rxb7 Qxb7 39.
Nd3 Rb8 40. Ra1 f5 41. Ra2 Qb1+ 42. Qxb1 Rxb1+ 43. Kg2 fxe4 44. Nb2 e3 45. fxe3
e4 {0-1 Fish,G (2435)-Drozdov,I (2455)/Moscow 1996/EXT 2000}) 16... Nd7 (16...
Bh6 17. Nb3 Qe7 18. Na5 Rab8 19. Rfd1) 17. Nb3 Qe7 18. Na5 Rab8 19. b4 c6 20.
b5 Rfc8 (20... cxb5 21. Nxb7 Rxb7 22. Nd5 Qd6 23. cxb5 Rd8 24. Rfd1 Qf8 25. a4
Nb6 26. Bc4 $16) 21. Bg4 h5 22. Bxd7 Qxd7 23. a4 Qc7 24. Nb3 Bf8 25. Rfd1 Rd8
26. Rxd8 Rxd8 27. Rd1 Rb8 (27... Rd7 28. Rd2 Qd8 29. Nb1 Rxd2 30. Qxd2 Qxd2 31.
N1xd2 cxb5 32. cxb5 c4 33. Nxc4 Bxe4 34. Nbd2 Bd5 35. Nxe5 $16) 28. Qd2 cxb5
29. axb5 Qb6 30. f3 a6 31. Na4 Qe6 32. Nbxc5 Qxc4 {Diagramm #} 33. Nd7 $18 Qxa4
34. Nxb8 Qxb5 35. Qd8 Bc6 (35... Kg7 36. Nd7 Bc5+ 37. Kh1 Bd4) 36. Rc1 1-0

[Event "2.BLN 1617 SF Berlin - SV Werder Bremen"]
[Site "?"]
[Date "2017.02.05"]
[Round "5.5"]
[White "Grigorian, Spartak"]
[Black "Lundin, Jan"]
[Result "1-0"]
[WhiteElo "2342"]
[BlackElo "2276"]
[Annotator "M.K."]
[PlyCount "113"]
[EventDate "2017.??.??"]

1. d4 d5 2. Nf3 e6 3. c4 c5 4. cxd5 exd5 5. g3 Nc6 6. Bg2 Nf6 7. O-O Be7 8. Nc3
O-O 9. Bg5 (9. dxc5 Bxc5 10. a3) 9... c4 (9... cxd4 10. Nxd4) 10. Ne5 Be6 11.
b3 Qa5 12. Nxc6 bxc6 13. Na4 Rfd8 14. e3 Rac8 15. Bxf6 gxf6 (15... Bxf6 16. Nc5
) 16. Qh5 c5 17. Rfd1 $146 (17. dxc5 Bxc5 18. Nxc5 Qxc5 19. Rfd1 c3 20. Rac1 c2
21. Rd2 Qc3 22. Qe2 Bf5 23. Rd4 Qb2 24. Qd2 Qxa2 25. e4 Bg6 26. f4 Qxb3 27.
exd5 Qb2 28. Rb4 Qxc1+ 29. Qxc1 Rb8 30. Be4 Rxb4 31. Bxc2 Rc4 32. f5 Bxf5 33.
Qf1 Rxc2 34. Qxf5 Rd2 35. Qg4+ Kh8 36. Qf4 R8xd5 37. Qxf6+ (37. Qb8+ Kg7 38.
Qxa7 Rb5 39. Qa1 Rdb2 (39... Rbb2)) 37... Kg8 {0-1 Koneru, H (2610)-Zhukova,N 
(2451)/Khanty-Mansiysk 2012/CBM 152}) 17... c3 $2 (17... cxd4 18. exd4 (18. Be4
f5 19. Bxf5 Bxf5 20. Qxf5 d3 21. Qg4+ Kh8 22. Qf5 Kg8 $11) (18. Rxd4 f5 19. Rb1
Bf6 20. Rdd1 c3 21. Rbc1 c2 22. Rd3 d4 23. exd4 Rxd4 24. Rxd4 Bxd4 $17) 18...
Bb4 19. Rac1 Kg7 20. Bh3 Bxh3 21. Qxh3 Bd2 22. Rc2 c3 $11) 18. Rac1 c2 (18...
cxd4 19. Rxd4 (19. exd4 c2 20. Rd3 Ba3) 19... f5 20. Rc2 Bf6 21. Rd3 d4 22.
exd4 Bxd4 23. Qg5+ (23. Qd1 Bf6 (23... Qe5 24. Nxc3) 24. Nxc3 Rxc3 25. Rcxc3 (
25. Rxd8+ Qxd8 26. Qxd8+ Bxd8 27. Rxc3)) 23... Kf8 (23... Bg7 24. Rdxc3 (24.
Rcxc3 Rxd3 25. Rxd3 Qe1+ 26. Bf1) 24... Rd1+ 25. Bf1 Rcd8) 24. Qh6+ Bg7 25. Qe3
f4 26. Rxd8+ Rxd8 27. Qe2) 19. Rxc2 $18 cxd4 20. Rxc8 Rxc8 21. Be4 h6 22. exd4
Kg7 23. Bb1 Ba3 24. Kg2 Qb5 25. h3 Qd7 26. Kh2 Qd6 27. Qf3 h5 28. Nc3 Qd7 29.
Qd3 Rh8 30. h4 Bd6 31. Ne2 Bg4 32. f3 Be6 33. Re1 Qe7 34. Qe3 Rc8 35. Nf4 Bxf4
36. Qxf4 Qb4 37. Rg1 Qc3 38. Bf5 $2 (38. Kh1 $16 Qb2 39. g4 (39. Bf5 Bxf5 40.
Qxf5 Rc2) 39... hxg4 40. fxg4 (40. Rxg4+ Bxg4 41. Qxg4+ Kh6 42. Qxc8 Qxb1+ 43.
Kg2 Qxa2+ (43... Qg6+ 44. Kf2 Kh7) 44. Kg3 Qxb3 45. Qh8+ Kg6 46. Qg8+ Kh6 47.
Kg4 Qd3 48. Qf8+ Kg6 (48... Kh7 49. Qxf7+ Kh6 50. Qxf6+ (50. Qxa7 Qe3 (50...
Qg6+ 51. Kh3 Qd3 52. Kg4 Qg6+ 53. Kf4)) 50... Qg6+ 51. Qg5+ Qxg5+ 52. hxg5+ Kg7
(52... Kg6 53. f4 a5 54. f5+ Kf7 55. Kh5 a4 56. Kh6 a3 57. g6+)) 49. h5+) 40...
Rc3 41. Rf1 Kf8 42. h5 (42. g5 Bh3 (42... fxg5 43. hxg5 Rh3+ 44. Kg1 Qc3 45.
Kg2) 43. Qd6+ Kg8 44. Qd8+) 42... Rh3+ 43. Kg1 Rh4 44. Qd6+ Kg7) 38... Qb2+ $2
(38... Bxf5 39. Qxf5 Qc2+ 40. Qxc2 Rxc2+ 41. Rg2 Rc3 42. f4 (42. Rd2 Rxf3 43.
Kg2 Rc3) 42... Rd3 43. Rc2 Rxd4 44. Kh3 Kg6 45. Rc7 a5 46. Ra7 Rd2 47. Rxa5 Kf5
$11) 39. Rg2 Qa1 40. g4 Qc1 41. gxh5+ Kh8 42. Qxc1 Rxc1 43. Bxe6 fxe6 44. Rg6
e5 45. Rxf6 exd4 46. Rf5 Rc2+ 47. Kg3 Rxa2 48. Rxd5 Rb2 49. Rxd4 Rxb3 50. Rd7
a5 51. Ra7 Rb5 52. Kg4 Rb4+ 53. f4 a4 54. Kg5 Kg8 55. f5 Rc4 56. h6 Rb4 57. f6
1-0

[Event "2.BLN 1617 SF Berlin - SV Werder Bremen"]
[Site "?"]
[Date "2017.02.05"]
[Round "5.7"]
[White "Mueller, Oliver"]
[Black "Priebe, Jan"]
[Result "1/2-1/2"]
[WhiteElo "2301"]
[BlackElo "2260"]
[PlyCount "91"]
[EventDate "2017.??.??"]

1. d4 Nf6 2. c4 g6 3. Nf3 Bg7 4. g3 O-O 5. Bg2 d6 6. Nc3 Nc6 7. O-O a6 8. h3
Bd7 9. e4 e5 10. Be3 exd4 11. Nxd4 Re8 12. Re1 Qc8 13. Kh2 b5 14. cxb5 Nxd4 15.
Bxd4 axb5 16. Nd5 Nxd5 17. Bxg7 Kxg7 18. exd5 Qd8 19. Rxe8 Bxe8 20. a3 Qf6 21.
Qd2 Bd7 22. Rc1 Ra7 23. Rc3 h5 24. Qc2 Bf5 25. Qc1 Qd4 26. Kg1 Be4 27. Bxe4
Qxe4 28. Qd2 Ra4 29. b4 Qe5 30. f4 Qf6 31. g4 hxg4 32. hxg4 Ra8 33. g5 Qf5 34.
Qd4+ Kg8 35. Re3 Rf8 36. Kh2 f6 37. Re7 Qg4 38. Qe4 Qh4+ (38... Qh5+ 39. Kg2
fxg5 40. Qe6+ Kh8 41. Re8 Rxe8 42. Qxe8+ Kg7 43. Qe7+ Kh6) 39. Kg2 fxg5 40.
Qe6+ (40. Qxg6+ Kh8 41. Qg7#) 40... Kh8 41. Re8 Rxe8 42. Qxe8+ Kg7 43. Qe7+ Kh6
44. Qf8+ Kh7 45. Qf7+ Kh6 46. Qf8+ 1/2-1/2

[Event "2.BLN 1617 SF Berlin - SV Werder Bremen"]
[Site "?"]
[Date "2017.02.05"]
[Round "5.8"]
[White "Noetzel, Felix"]
[Black "Buchal, Stephan"]
[Result "1-0"]
[WhiteElo "2217"]
[BlackElo "2315"]
[Annotator "Stephan Buchal"]
[PlyCount "163"]
[EventDate "2017.??.??"]

1. e4 g6 2. d4 Bg7 3. Nc3 d6 4. Be3 Nf6 {Eine kleine Überraschung.
Klassisches Pirc habe ich gegen 4.Le3 seit 25 Jahren nicht mehr gespielt.} 5.
f3 O-O {101 - 101} 6. Qd2 e5 7. Nge2 exd4 8. Nxd4 d5 9. e5 Ne8 10. Bg5 f6 {
76 - 93} (10... Qd7 $142 $14 {Ich war mir sicher, dass 10...f6 der
"Theoriezug" ist und habe deshalb an 10...Dd7 nur ein paar Sekunden
"verschwendet". Schade.} 11. O-O-O Bxe5 12. h4 c6) 11. exf6 Nxf6 12. O-O-O Nc6
13. h4 (13. Nxc6 $142 bxc6 14. Bc4 (14. Bh6 Bxh6 15. Qxh6 Qe7 16. Bd3 Rb8 17.
Rde1 Qb4 18. Nd1) 14... Be6 15. Bb3 $16) 13... Nxd4 14. Qxd4 c6 15. Qd2 Qc7 {
[%emt 0:00:38] 47 -} 16. g4 Be6 (16... h5 $5 {Stockfish - sehr mutig!} 17. Bd3
hxg4 18. Rdg1 Nh7 19. fxg4 Nxg5 20. hxg5 Qf4 21. Qxf4 Rxf4 22. Bxg6 Bd4 23. Re1
Bxg4 24. Re7 Rb8 $11) (16... Nd7 $6 {hatte ich erwogen, aber dann doch "aus
allgemeinen Gründen" verworfen - zu Recht:} 17. h5 Ne5 18. hxg6 Nxf3 $4 {
Die geplante Pointe. Aber leider, leider} 19. Nxd5 $3 $18 Bxb2+ 20. Kxb2 Qe5+
21. Qd4 $3 Nxd4 22. Ne7+ $18) 17. h5 Nd7 $6 (17... gxh5 {wie sich herausstellt,
ist die Öffnung der h-Linie gefährlich als die der g-Linie} 18. gxh5 Nd7 19.
h6 Be5 20. Ne2 $1 $14 Kh8 21. Nd4 Bg8 22. Re1 Bf4 23. Bxf4 Qxf4 24. Rg1 Qxd2+
25. Kxd2 a5 26. Re7 Nc5 27. Rgg7 $6 (27. a3 a4 28. Kc3 $14) 27... Rf6 $11) 18.
hxg6 hxg6 19. Kb1 $2 {zu langsam} (19. Be2 Rae8 20. Bh6 Rf7 21. Bxg7 Rxg7 22.
f4 $16) 19... Rxf3 20. Bd3 Ne5 $6 {7 - 11. Rechtfertigt nachträglich Kb1. Mit
dem K auf c1 konnte immer Sxd3+ erfolgen ... jetzt geht das nicht mehr.} ({
sicherer war} 20... Nf8 $11) 21. Qh2 Qf7 $2 {zieht die Dame aus der
unangenehmen Fesselung. Viel besser war} (21... Bxg4 $142 22. Qh7+ Kf7 23. Bh6
Rg8 24. Rdg1 {Die schwarze Stellung hängt am seidenen Faden, aber sie hält!
In Zeitnot ist das natürlich alles viel zu schwierig.} Rf6 $15) 22. Qh7+ Kf8
23. Be2 $1 {den hatte ich übersehen. Weiß kämpft erfolgreich um die f-Linie}
Bxg4 $2 {mit (frechem) Remisangebot bei beiderseitiger Zeitnot.} (23... Rf2 24.
Rde1 Ke8 25. Nd1 $18) 24. Bxf3 Nxf3 25. Bh6 $18 Bxh6 {2 - 1. An jetzt lebten
wir beide mehr oder weniger von den 30 Bonussekunden} 26. Qxh6+ $6 (26. Qh8+
$18 {Stockfish: +4}) 26... Ke7 27. Rhf1 $2 (27. Rh4 $1 $18 Bf5 $1 28. Qe3+ Kd6
29. Ne4+) 27... Rf8 28. b3 Qf6 29. Ne2 g5 30. Qh7+ Rf7 {1 - 1. Jetzt ist die
Stellung wieder völlig offen.} 31. Qd3 Qe6 32. Nc3 $6 (32. Ng1 $1 $14) 32...
Ne5 $2 (32... Kd8 $1 $15) 33. Rxf7+ Qxf7 34. Qe3 Qf4 35. Qc5+ Kd7 $2 (35... Ke6
$11) (35... Kf7 $11) 36. Rh1 b6 37. Rh7+ Nf7 38. Qf8 Be6 39. Kb2 $2 (39. Ne2
$16) 39... Qf5 (39... d4 $1 $11 40. Nb1 Bd5 41. Qa8 d3) 40. Rg7 Qf6 $2 ({
immer noch} 40... d4 $1 $11) 41. Rg8 $16 Qd8 {25 Minuten !! Ich sah keine
Möglichkeit, meine Bauern zu verteidigen.} 42. Qg7 $5 (42. Qxd8+ Nxd8 43. Rxg5
Kd6 44. Ne2 Bd7 {hielt ich für verteidigungsfähig ...}) 42... Qe7 43. Ra8 Kd6
44. Qd4 Qb7 $4 {verliert forciert.} (44... Bf5 {leistet noch Widerstand} 45.
Qb4+ Ke6 46. Qxe7+ Kxe7 47. Rxa7+ Bd7 48. Na4 b5 49. Nc5 Ne5 {sieht aber
ebenfalls verloren aus.}) 45. Ne4+ $1 {Stockfish zeigt spontan +6 an} Kd7 {
25 - 12. Wir nähern uns der nächsten Zeitnot} ({Ich dachte zunächst} 45...
Ke7 {geht. Ist aber klar verloren:} 46. Qf6+ Kd7 47. Nxg5 {aus!}) 46. Rg8 (46.
Nf6+ $1 Kd6 47. Re8 $18) 46... c5 47. Nf6+ ({einfacher war} 47. Qa4+ Kc7 48.
Nxg5 $18) 47... Kc7 (47... Kc6 $142 48. Qe3 Qe7 49. Rg6 Nd8 $18) 48. Qe3 Qc6
49. Re8 Nd8 50. Qe5+ Kc8 {ab jetzt sind wir beide wieder im 30-Sekunden
Rhythmus.} 51. Qxg5 Qd6 52. Qg7 a5 53. a4 $2 (53. Qa7 $1 Qe5+ 54. c3 Qxf6 55.
Re7 $18) (53. Kb1 $18) 53... c4 $5 {hiernach geriet mein Gegner wieder in
Panik.} (53... Qe5+ 54. Ka2 Qe2 55. Qh7 (55. Qd7+ $5 Bxd7 56. Rxe2 Be6 $16)
55... Qf2 56. Ng8 Qf7 57. Qxf7 Bxf7 $16) 54. Ng4 d4 55. Qe5 Qxe5 $2 {leider
fand ich nichts Besseres. Aber es ging:} (55... Qc6 $3 56. Qh8 cxb3 $1 57.
Rxd8+ Kc7 $11 58. Qe5+ Kxd8 59. Qxd4+ Kc7 60. cxb3 {remis}) 56. Nxe5 cxb3 $2
57. cxb3 $2 (57. Nc6 $1 Kd7 58. Nxd8 $1 Kxe8 59. Nxe6 {mit Gewinn}) 57... Kc7
58. Rh8 Nc6 59. Nd3 $1 Bf5 60. Nf4 Nb4 61. Rh6 {[#]} Kb7 $4 (61... Nd3+ $1 62.
Nxd3 Bxd3 63. Rh4 {Ich hatte den starken Verdacht, dass dieses T/L-Endspiel
theoretisch remis ist. Aber ich war mir nicht sicher und behielt ich lieber
meinen d-Bauern. Dvoreckij schreibt dazu: "Wir beginnen mit der wichtigsten
Position, die man unbedingt kennen sollte. Auf dem Brett ist eine elementare
Festung entstanden". Schwarz baut sich folgendermaßen auf:} Bf1 64. Rxd4 Bg2
65. Rh4 Kb8 66. Kc3 Bf3 67. Kd4 Bg2 68. Ke5 Bf3 69. Kd6 Bg2 70. Rh7 Bf3 {
[#] Dies ist die Ausgangsstellung bei Dvoreckij (Endspieluniversität Seite
309). Der einzige Gewinnversuch von Weiß besteht darin, den b- gegen den
a-Bauern zu tauschen und den Turm auf die b-Linie zu überführen:} 71. Rh4 Kb7
$1 72. b4 axb4 73. Rxb4 Ka6 74. Rb5 Be4 75. Kc7 Bc2 76. Rxb6+ Ka5 $11 {[#]})
62. Kc1 Bc2 63. Kb2 Be4 64. Ne2 d3 65. Nc3 Bf3 66. Kc1 Bc6 67. Kd2 Kc7 68. Ke3
Kb7 69. Kd2 Kc7 70. Ke3 Kb7 71. Nb1 b5 $5 72. axb5 Bxb5 73. Nd2 Bc6 (73... a4
$1 {löst den letzten Bauern auf.} 74. bxa4 Bxa4 75. Rh4 Nd5+ 76. Kd4 Bc6 77.
Kc5 Nf6 {einziger Zug! Hält Remis, aber das ist nicht so einfach.}) 74. Kd4
Kc7 (74... a4 $1 75. bxa4 Bxa4) 75. Kc5 Na6+ 76. Kd4 Nb4 77. Nc4 {jetzt steht
Weiß auf Gewinn} Bd5 78. Rh7+ Kd8 79. Nd2 Bc6 80. Kc5 Be8 81. Kd6 Nc2 82. Ra7
1-0

[Event "2.BLN 1617 SV Werder Bremen - Pankow"]
[Site "?"]
[Date "2017.02.19"]
[Round "6"]
[White "Steinhagen, Bernd"]
[Black "Charmeteau, Sven"]
[Result "0-1"]
[WhiteElo "2267"]
[BlackElo "2324"]
[Annotator "Sven Charmeteau"]
[PlyCount "150"]
[EventDate "2017.??.??"]

1. c4 e5 2. Nc3 Nf6 3. d3 Bc5 4. Nf3 Nc6 5. e3 d5 6. cxd5 (6. d4 exd4 7. exd4
Be7) 6... Nxd5 7. Be2 O-O 8. O-O Be6 9. a3 a5 10. Na4 Ba7 11. Qc2 Qe7 12. Bd2
Rad8 13. Rac1 (13. Rfc1 Nf6 14. Nc5 Bc8 15. b4 (15. Be1 Rd5 16. b4 (16. Ne4
Nxe4 17. dxe4 Rc5 18. Bc3) 16... Bxc5 17. bxc5 e4) 15... Bxc5 16. Qxc5 Qxc5 17.
Rxc5 e4 18. dxe4 Nxe4 19. Rc2) 13... Nf6 14. Rfd1 Bc8 (14... h6) 15. Nc5 Rd5
16. Na4 (16. Ne4 Rfd8 (16... Nxe4 $6 17. dxe4 Rd7 18. Bc4 $14) 17. h3 $14) (16.
b4 axb4 (16... Bxc5 17. bxc5 Nd7 18. d4 exd4 19. Bc4 Rxc5 20. exd4 Rh5 21. d5 (
21. Bf4 Nb6 22. d5 Bf5) 21... Nce5) 17. axb4 Bxc5 18. bxc5 Nd7 19. d4 exd4 20.
Bc4 Rxc5 21. exd4 Rh5) 16... Re8 17. Ng5 h6 $6 (17... Rd6 18. Nc3 Bb6 $11) 18.
Ne4 Nxe4 19. dxe4 Rd6 20. b4 (20. Nc3 $1 $14) 20... axb4 21. axb4 Nxb4 22. Qb3
(22. Qxc7 Qxc7 23. Rxc7 Nc6 24. Bc4 Rf6 25. Rb1 Bb8 26. Rxc8 Rxc8 27. Nb6 Rd8
28. Nd5 Rfd6 29. Rxb7 R6d7 $11) (22. Bxb4 $2 Rxd1+ 23. Qxd1 Qxb4 24. Rxc7 Be6
$1 25. Qa1 Bxe3 26. fxe3 Ra8 $17) 22... Nc6 (22... Na6 $1 23. Qc2 Red8 $15) 23.
Nc3 Red8 24. Nd5 Qh4 (24... Qg5) 25. Qc4 (25. Bb4 Nxb4 26. Qxb4 Bb8 27. g3 Qh3
28. Ne7+ Kh7 29. Rxd6 cxd6 30. Qa5 $14) 25... Be6 26. g3 Qh3 27. Bc3 Kh8 (27...
f5 28. exf5 Bxd5 29. Rxd5 Rxd5 30. e4 Bxf2+ 31. Kxf2 Qxh2+ 32. Kf3) 28. Qb5 Bg4
29. Bf1 (29. Bb2 Bxe2 (29... f5 30. Bxg4 (30. f3 Rxd5 31. exd5 Bxe3+ 32. Kh1
Bf2 (32... Bxc1 33. Rxc1 f4 34. Rg1 Nd4 35. Bxd4 Bd7) 33. Rg1 Bxg1) 30... Qxg4
31. exf5 Qf3 32. Qxb7 Rxd5 33. Rxd5 Rxd5) 30. Qxe2 Bb6 (30... Qd7 31. Ba3) 31.
Nxb6 cxb6 32. Rxd6 Rxd6 33. Ba3 Rd7 $11) 29... Qh5 30. Rd2 Bf3 31. Be2 f5 32.
Rb2 fxe4 33. Nf4 exf4 34. Qxh5 Bxh5 35. Bxh5 fxe3 36. Rxb7 exf2+ 37. Kg2 Bb6
38. Be2 Ra8 (38... e3 39. Ra1 Nd4 40. Bg4 Nb3 $19) 39. Bb5 Nd8 (39... e3 $19)
40. Rxb6 Rxb6 41. Be2 Rc6 42. Bb5 Re6 (42... e3 43. Bxc6 Nxc6 44. Rc2 Kh7 45.
Re2 Re8 46. Kf1 Kg6 $19) 43. Kxf2 Nf7 44. Bd4 Nd6 45. Be2 e3+ 46. Ke1 Nf5 47.
Bc3 Rd6 48. Be5 Rd2 (48... Nd4 49. Bxd6 Ra2 $3 50. Bg4 Rxh2 51. Kf1 Rh1+ 52.
Kg2 Rxc1 $19) 49. Rxc7 Re8 (49... Rb8 50. Rc1 Nd4 51. Bd1 Rxd1+ 52. Kxd1 e2+
53. Ke1 Nf3+ 54. Kxe2 Nxe5 $19) 50. Bc3 Nd4 51. Bh5 Nc2+ 52. Kf1 e2+ 53. Bxe2
Rexe2 (53... Ne3+ 54. Kg1 Rxe2 55. Rxg7 Re1+ 56. Bxe1 $19 (56. Kf2 Nd1+ $19)
56... Kxg7) 54. Bxd2 Rxd2 55. Kg1 Nd4 56. h3 Kh7 57. Ra7 h5 58. Ra6 Nf3+ 59.
Kf1 Ng5 60. Ra5 Kh6 61. Ra6+ g6 62. h4 Ne4 63. Ra3 Kg7 64. Re3 Nd6 65. Rf3 Nf5
66. Ra3 Rb2 67. Kg1 Kf6 68. Ra6+ Kf7 69. Ra7+ Ke6 70. Ra6+ Nd6 71. Ra5 Ne4 (
71... Nb5 72. Ra6+ Kf5 73. Rb6 Rb1+ 74. Kg2 Nc3) 72. Ra6+ Kf5 73. Ra5+ Kg4 74.
Ra4 Kxg3 75. Kf1 Rb1+ 0-1

[Event "2.BLN 1617 SK Zehlendorf - SV Werder Br"]
[Site "?"]
[Date "2017.03.19"]
[Round "7.1"]
[White "Meins, Gerlef"]
[Black "Meister, Jakob"]
[Result "1-0"]
[WhiteElo "2413"]
[BlackElo "2432"]
[Annotator "M.K."]
[PlyCount "123"]
[EventDate "2017.??.??"]

1. d4 d5 2. c4 dxc4 3. Nf3 a6 4. e3 Bg4 5. Bxc4 e6 6. h3 Bh5 7. O-O Nf6 8. b3
c5 9. Be2 (9. Bb2 cxd4 10. Qxd4 Nc6 11. Qxd8+ Rxd8 12. Rc1 Bg6 13. Be2 Be7 14.
Nbd2 Bd3 15. Kf1 Bxe2+ 16. Kxe2 Nd5 17. Ne4 f6 18. a3 Kf7 19. b4 Rc8 20. Rc2
Ncxb4 21. Neg5+ fxg5 22. Ne5+ Kf6 23. Nd7+ Kf7 24. Ne5+ Kf6 25. Nd7+ Kg6 26.
Ne5+ Kf6 {1/2-1/2 Akesson,R (2418)-Brynell,S (2424)/Sweden 2016/EXT 2017}) 9...
Nc6 10. Bb2 Rc8 11. Nbd2 cxd4 12. Nxd4 Bxe2 13. Qxe2 Bc5 $2 {Diagramm #} 14.
Nxc6 $2 (14. Nxe6 fxe6 15. Bxf6 gxf6 16. Qh5+ $16 Ke7) 14... Rxc6 15. Rfd1 Qe7
16. Rac1 O-O 17. Bxf6 Qxf6 18. Ne4 Qe5 19. Qf3 Bb4 20. Rxc6 bxc6 21. Qf4 Qb2 $2
(21... Qxf4 22. exf4 h6 23. Rd7 $14) 22. Nf6+ Qxf6 23. Qxb4 Qb2 24. Qd2 Qe5 25.
Qd6 Qb2 26. Rd2 Qc1+ 27. Rd1 Qb2 28. Rd2 Qc1+ 29. Kh2 g6 30. Qd3 a5 31. Qc2
Qxc2 32. Rxc2 Rd8 33. Kg3 a4 34. Rxc6 Rd2 35. bxa4 Rxa2 36. Ra6 $18 g5 37. a5
h5 38. Ra7 Kg7 39. a6 Kg6 40. Kf3 f5 41. Ra8 Kf6 42. a7 Kg7 43. g3 e5 44. Kg2
Ra1 45. f3 Ra2+ 46. Kf1 f4 47. gxf4 exf4 48. exf4 gxf4 49. h4 Kh7 50. Ke1 Kg7
51. Kd1 Kh7 52. Kc1 Kg7 53. Kb1 Ra6 54. Kc2 Kh7 55. Kc3 Ra4 56. Kb3 Ra1 57. Kc4
Ra4+ 58. Kd5 Kg7 59. Ke5 Kh7 60. Kf5 Kg7 61. Kg5 Kh7 62. Kxh5 1-0